<?xml version="1.0" encoding="UTF-8"?>
<record
    xmlns:xsi="http://www.w3.org/2001/XMLSchema-instance"
    xsi:schemaLocation="http://www.loc.gov/MARC21/slim http://www.loc.gov/standards/marcxml/schema/MARC21slim.xsd"
    xmlns="http://www.loc.gov/MARC21/slim">

  <leader>01331nam a2200205 a 4500</leader>
  <controlfield tag="008">161215t2013    ag  |||g |||| 001 f spa d</controlfield>
  <datafield tag="020" ind1=" " ind2=" ">
    <subfield code="a">9789876043441</subfield>
  </datafield>
  <datafield tag="041" ind1=" " ind2=" ">
    <subfield code="a">spa</subfield>
  </datafield>
  <datafield tag="092" ind1=" " ind2=" ">
    <subfield code="c">863</subfield>
    <subfield code="l">89</subfield>
    <subfield code="s">URR</subfield>
  </datafield>
  <datafield tag="100" ind1="1" ind2=" ">
    <subfield code="a">Urretabizkaya, Rafael</subfield>
    <subfield code="9">3293</subfield>
  </datafield>
  <datafield tag="245" ind1=" " ind2="3">
    <subfield code="a">La Ruina /</subfield>
    <subfield code="c">Rafael Urretabizkaya</subfield>
  </datafield>
  <datafield tag="250" ind1=" " ind2=" ">
    <subfield code="a">1a ed.</subfield>
  </datafield>
  <datafield tag="260" ind1=" " ind2=" ">
    <subfield code="a">Neuqu&#xE9;n:</subfield>
    <subfield code="b">EDUCO;</subfield>
    <subfield code="c">2013.</subfield>
  </datafield>
  <datafield tag="300" ind1=" " ind2=" ">
    <subfield code="a">91 p.</subfield>
    <subfield code="c">21x15 cm.</subfield>
  </datafield>
  <datafield tag="500" ind1=" " ind2=" ">
    <subfield code="a">Urretavizcaya, R. (2013). La ruina. (1a ed.). Neuqu&#xE9;n : EDUCO.</subfield>
  </datafield>
  <datafield tag="505" ind1=" " ind2=" ">
    <subfield code="a">"La Ruina" es un relato oral que el Rafa, poeta, escritor y docente, pero sobre todo, payaso, se ha encargado de pasar a lenguaje escrito. Y puede hacerlo respetando el lenguaje del poblador de la comunidad Mapuche donde transcurre gran parte de la acci&#xF3;n, porque antes los ha escuchado y mucho. Se puso en "sus zapatos" y tom&#xF3; partido a favor de ellos. Los escuch&#xF3;, como ped&#xED;a David Vi&#xF1;as que escucharan quienes pretend&#xED;an escribir. Ser&#xE1; por eso que, en este relatos, los silencios juegan un papel determinante. Silencios que muestran sabidur&#xED;a, indignaci&#xF3;n, rebeld&#xED;a, solidaridad de clase. Silencios insinuados, silencios estrepitosos que van articulando la aventura de dos j&#xF3;venes mapuches nacidos en la misma comunidad. </subfield>
  </datafield>
  <datafield tag="590" ind1=" " ind2=" ">
    <subfield code="a">Proyecto 4to libro. Donaci&#xF3;n EDUCO. Septiembre 2017.</subfield>
  </datafield>
  <datafield tag="655" ind1=" " ind2=" ">
    <subfield code="a">Novela</subfield>
    <subfield code="9">3091</subfield>
  </datafield>
  <datafield tag="942" ind1=" " ind2=" ">
    <subfield code="2">ddc</subfield>
    <subfield code="c">LIT</subfield>
  </datafield>
  <datafield tag="999" ind1=" " ind2=" ">
    <subfield code="c">2436</subfield>
    <subfield code="d">2436</subfield>
  </datafield>
  <datafield tag="952" ind1=" " ind2=" ">
    <subfield code="0">0</subfield>
    <subfield code="1">0</subfield>
    <subfield code="2">ddc</subfield>
    <subfield code="4">0</subfield>
    <subfield code="7">0</subfield>
    <subfield code="8">FIC</subfield>
    <subfield code="a">BFM</subfield>
    <subfield code="b">BFM</subfield>
    <subfield code="c">CR</subfield>
    <subfield code="d">2017-09-14</subfield>
    <subfield code="e">Donaci&#xF3;n EDUCO, Septiembre 2017</subfield>
    <subfield code="l">0</subfield>
    <subfield code="o">863 89 URR</subfield>
    <subfield code="p">3921</subfield>
    <subfield code="r">2017-09-14</subfield>
    <subfield code="t">Ej. 1</subfield>
    <subfield code="w">2017-09-14</subfield>
    <subfield code="y">LIT</subfield>
    <subfield code="z">Proyecto 4to Libro. Donaci&#xF3;n EDUCO, Septiembre 2017</subfield>
  </datafield>
</record>
